000 00456nam a2200145 4500
999 _c10906
_d10906
008 180926b ||||| |||| 00| 0 eng d
022 _a2094-8042
082 _aDPer 370.105 M72 Jan-Dec 2012 v. 60-61
100 _931710
_aFelisa P. Alcaide, Ph.D.
245 _aBoy scouting/
_cFelisa P. Alcaide, Ph.D.
260 _aPhilippines:
_bIn the Grade School, Inc.,
_cc2011.
300 _av60 n5, pages 208-210;
_c27cm.
650 0 _931711
_a1
942 _2ddc
_cPER